Enciclopedia didáctica de Matemáticas

Saved in:
Bibliografiske detaljer
Institution som forfatter: Oceano grupo editorial (Author)
Format: Bog
Sprog:spansk
Udgivet: Barcelona Oceano 1999
Fag:
Tags: Tilføj Tag
Ingen Tags, Vær først til at tagge denne postø!

MARC

LEADER 00000nam a2200000 a 4500
001 UCH3923
003 CL-VaPUC
008 090818e19990000SP |||||||||||||||||spa|d
020 |a 844940696X 
082 0 4 |a 510  |b OCE  |2 21 
110 2 |a Oceano grupo editorial  |e author  |9 539405 
245 1 0 |a Enciclopedia didáctica de Matemáticas 
300 |a 320 p 
942 |c BK 
945 |d 20090818 00:00:00  |a ccalabra 
260 |a Barcelona  |b Oceano  |c 1999 
500 |a Incluye cd rom interactivo 
650 0 |a Álgebra  |9 259567 
650 0 |a Ecuaciones  |9 260137 
650 0 |a Geometría   |9 264063 
650 0 |a Trigonometría   |9 259568 
650 7 |a MATEMATICA FINANCIERA  |2 CL-VaPUC  |9 539372 
650 0 |a Geometría analítica   |9 260062 
650 0 |a Ecuaciones  |9 260137 
650 0 |a Educación  |9 258661 
650 0 |a Logaritmos  |9 260266 
583 |a last modification  |c 20090818 00:00:00  |k Rodrigo Vera 
999 |c 335327  |d 335325